000 01021nam a2200289Ia 4500
003 OSt
005 20220923211217.0
006 a|||||r|||| 00| 0
007 ta
008 220922b |||||||| |||| 00| 0 hin d
020 _a9788126710799 (hbk)
_c399
024 _a348,595
037 _bBR/7270, 19/02/2019, Rajkamal Prakashan Pvt. Ltd
_cTextual
040 _aARTS
_cARTS
_bhin
041 _2hin
_ahin
082 _aO152,3N56x, P5
100 _aराय, सारा, ले.
_9159714
245 0 _aबियाबान में
246 _aBiyābān mean
250 _a2 संस्करण
260 _aनई दिल्ली
_b राजकमल प्रकाशन
_c2019
300 _a143पृ.
_ccm.
650 _a हिन्दी साहित्य
_9156264
650 _aहिन्दी कहानी
942 _hO152,3N56x, P5
_cTEXL
_2CC
999 _c296962
_d296962